Open Data Biblioteca Nacional de Portugal


República Portuguesa: Ministério da Cultura
Biblioteca Nacional de Portugal

Catálogo da BNP: acesso por Identificadores Unívocos
Registos Bibliográficos associados ao registo de autoridade

Etiqueta de registo: 00000nam 2200025 450
001 2285754
003 http://id.bnportugal.gov.pt/bib/catbnp/2285754
100 ## $a20260505d2025 k y0pory01030103ba
101 0# $apor$deng
102 ## $aPT
105 ## $aa m 000yy
106 ## $ar
200 1# $a A galeria de imagens do Museu Virtual da Lusofonia$eexperiência estética, memória e imaginário$fElaine Cristina Azevedo da Trindade$gorient. Moisés de Lemos Martins, Isabel Moreira Macedo, Maria da Luz Correia
210 #9 $a[S.l.$cs.n.],$d2025
215 ## $a326 p.$cil.$d30 cm
328 #1 $aTese dout. Ciências da Comunicação, Instituto de Ciências Sociais, Universidade do Minho, 2025
700 #1 $aTrindade,$bElaine Cristina Azevedo da$31997675
702 #1 $aMartins,$bMoisés de Lemos,$f1953-$4727$386979
702 #1 $aMacedo,$bIsabel Moreira$4727$31997677
702 #1 $94$aCorreia,$bMaria da Luz$4727$31596675
801 #0 $aPT$bBN$gRPC
966 ## $lBN$mFGMON$x1
971 ## $corlando$d20260505

OpendataBNP@bnportugal.pt | Mais informação sobre acesso aos dados BNP